000 01033nam a22002417a 4500
003 Uzh_bibl
008 260423b |||||||| |||| 00| 0 ukr d
020 _c72,50
040 _bукр.
041 _2ukr
_aukr
080 _a821.161.1
090 _a821.161.1
_bІ 92
100 _a-
245 _aІталійські народні казки
_bКазки народів світу
_cУпоряд. Ілько Корунець
_hТекст
260 _aКиїв
_b"Веселка"
_c1986
300 _a151
_bіл.
_fВ опр.
520 _aЗбірку складають відомі казки італійського народ, в яких відбилися його творча фантазія, мрії і сподівання.
546 _aукр.
650 _aЛітературно-художнє видання
653 _aТредічіно
_aГрафова борода
_aКмітлива дівчина
_aКотенята
655 _aХудожня література
_vКазки
942 _2udc
_cBK
999 _c17495
_d17495